Bertolt Brecht (notice nᵒ 2432)
[ vue normale ]
| 000 -Sello discográfico | |
|---|---|
| campo de control de longitud fija | 00978nam a2200325 4500 |
| 005 - Identificación de versión | |
| campo de control | 20251016083315.0 |
| 035 ## - Otros números de control del sistema | |
| Número de control del sistema | 5766 |
| 099 ## - fechas locales | |
| Tipo de ítem Koha | LIBRO |
| 100 ## - Datos de procesamiento general | |
| Datos de procesamiento general | 19980106d1969 m y1spay5003 ba |
| 101 ## - Idioma del recurso | |
| Idioma del texto, banda sonora, etc. | Español; Castellano |
| Idioma de la obra original | Francés |
| 105 ## - Campo de datos codificados: Material textual, monográfico | |
| Datos codificados de monografía | y 001zy |
| 200 1# - Título y mención de responsabilidad | |
| Título propio | Bertolt Brecht |
| Designación general del material | texto impreso |
| Primer mención de responsabilidad | Walter Waideli |
| Declaración de responsabilidad subsiguiente | traducción José Fernández Valencia |
| 205 ## - Declaración de edición | |
| Declaración de edición | 1a ed |
| 210 ## - Publicación, distribución, etc. | |
| Lugar de publicación, distribución, etc. | México |
| Nombre del editor, distribuidor, etc. | Fondo de Cultura Económica |
| Fecha de publicación, distribución, etc. | 1969 |
| 215 ## - Descripción física | |
| Designación de material específico y extensión del ítem | 175 p |
| Dimensiones | 17 cm |
| 300 ## - Notas generales | |
| Texto de la nota | Incluye cronología personal y bibliografía |
| 345 ## - Nota de información de adquisición | |
| Fuente de adquisición/dirección de la suscripción [OBSOLETO] | Donación |
| 410 #1 - Series | |
| Título | Breviarios del Fondo de Cultura Económica |
| Número de volumen | 209 |
| 454 #1 - Traducción de | |
| Título | Bertolt Brecht |
| 600 ## - Nombre personal usado como materia | |
| Elemento de entrada | Brecht |
| Parte del nombre distinta del elemento de entrada | Bertolt |
| Fechas | 1898-1956 |
| Número Koha | 5607 |
| 660 ## - Código de área geográfica | |
| Código | MX |
| 700 ## - Nombre personal - Responsabilidad primaria | |
| Elemento de entrada | Weideli |
| Parte del nombre distinta del elemento de entrada | Walter |
| Fechas | 1927-2020 |
| Número Koha | 5608 |
| 702 ## - Nombre personal - Responsabilidad secundaria | |
| Elemento de entrada | Fernández Valencia |
| Parte del nombre distinta del elemento de entrada | José |
| Número Koha | 5609 |
| 801 #0 - Fuente de origen | |
| Agencia | cm |
| 900 ## - | |
| -- | 1/15243 |
| 900 ## - | |
| -- | 710986810\\060198 |
| 942 ## - ELEMENTOS DE ENTRADA SECUNDARIOS (KOHA) | |
| Tipo de ítem Koha | Livre |
| 996 ## - | |
| -- | MEX |
| -- | 751145101 |
| -- | MMAG |
| -- | 004673 |
| -- | 082.1 B846 V.209 |
| -- | 20210423LIV |
| Estatus retirado | Estado de daño | Estado de pérdida | Fecha de adquisición | Biblioteca de origen | Biblioteca actual | Ubicación en estantería | Código de barras | Precio de reemplazo | Signatura topográfica completa | No para préstamo | Tipo de ítem Koha | Nota pública | Nota no pública |
|---|---|---|---|---|---|---|---|---|---|---|---|---|---|
| 05/08/2025 | Casa México Paris | Casa México Paris | 004673 | 05/08/2025 | 082.1 B846 V.209 | Livre | 20210423LIV | 751145101 |